Statistics for Morgan Freeman Movies

Click here to take the quiz!

General Stats

  • This quiz has been taken 42 times
  • The average score is 5 of 30

Answer Stats

Answer% Correct
Bruce Almighty
66%
The Shawshank Redemption
55%
Seven
47%
Deep Impact
32%
Driving Miss Daisy
32%
Batman Begins
29%
Glory
26%
Along Came A Spider
21%
Oblivion
21%
Kiss The Girls
18%
Million Dollar Baby
18%
Red
18%
Unforgiven
16%
The Dark Knight Rises
13%
Invictus
11%
Brubaker
8%
Lean On Me
5%
Robin Hood:Prince Of Theives
5%
War Of The Worlds
5%
Amistad
3%
Lucky Number Slevin
3%
March Of The Penguins
3%
The Magic Of Belle Island
3%
The Sum Of All Fears
3%
Bopha
0%
Clean And Sober
0%
Conan The Barbarian
0%
Days of Our Lives
0%
Street Smart
0%
Who Says I Can't Ride A Rainbow
0%

Score Distribution

Percentile by Number Answered

Percent of People with Each Score

Your Score History

You have not taken this quiz